000 00645nam a2200205Ia 4500
003 GCL
008 140319s9999 xx 000 0 ara d
040 _aGCL /
_cGCL
082 0 4 _a953
_bن ت
100 1 _aفؤاد حسنين على
245 1 0 _aالتاريخ العربى القديم /
_cفؤاد حسنين على
700 1 _aنيلسن,ديتلف
700 1 _aهومل، فرتز
300 _a367 ص
490 _aالهيئة العامة للاستعلامات
_v0
650 0 4 _aالحضارة القديمة
650 0 4 _aالحضارة والعرب
650 0 4 _aالعالم العربى - تاريخ
942 _2ddc
_cBK
999 _c46842
_d46842